000 00518nam a22001817a 4500
001 BD-DhSAU 5304
003 BD-DhSAU
005 20150415111236.0
008 150415b1962 bg ||||| |||| 00| 0 eng d
040 _aBD-DhSAU
082 _222
_a631.372
_bANI
100 _aKhan, Anwaruzzaman
245 _aIntroduction of tractors in a subsistence farm economy /
_cAnwaruzzaman Khan
260 _aComilla :
_bAcademy for rural development ,
_cc1962.
300 _a63 p.:
_c24 cm.
590 _aIMRAN
650 _aFarm economy
942 _2ddc
_cBOOK
999 _c5304
_d5304